| 000 | 00381nam a2200145 a 4500 | ||
|---|---|---|---|
| 001 | 2926 | ||
| 003 | CDMR | ||
| 005 | 20130424123313.0 | ||
| 008 | 130130s2006||||||||||||||||||||||||||||d | ||
| 040 |
_aCDMR _bcat _cCDMR |
||
| 110 | 2 |
_aMundo Deportivo _92149 |
|
| 245 | 1 | 0 |
_aMundo Deportivo 1906-2006 _b: cent anys d'emocions |
| 260 |
_c2006 _bMundo Deportivo _a[Barcelona] |
||
| 942 |
_cMON _2udc |
||
| 999 |
_c2926 _d2926 |
||